00509pab a2200169 454500008004000000100002200040245004300062260000900105300001100114362000900125650001900134700002200153773003700175909000900212999001500221952010300236180718b1987 xxu||||| |||| 00| 0 eng d aCarroll, Glenn R. aThe career dynamics of self employment c1987 a570-89 aDec. aCareer Service aElaine Mosakowski aAdministrative Science Quarterly a5144 c5144d5144 00104070aIIPAbIIPAd2018-07-19hVolume no: 32, Issue no: 4pAR5150r2018-07-19w2018-07-19yAR